00447nam a2200181Ia 4500003000900000008004100009040001300050040001300063041000800076100001200084245010600096250001300202260001400215260000900229300001100238300001000249490000600259IT-RoPAU120407s9999 xx 000 0 und d aIT-RoPAU cIT-RoPAU afra aJohn Wu aHumanisme chinois, Spiritualité chrétienne, Choix d’essais, avec une Introduction par Paul Sih. aBelgique aCasterman c1965 a288 p. c19 cm v1